<?xml version="1.0" encoding="UTF-8"?>
<collection xmlns="http://www.loc.gov/MARC21/slim">
<record>
  <controlfield tag="001">164201</controlfield>
  <controlfield tag="005">20251127172931.0</controlfield>
  <datafield tag="024" ind1="7" ind2=" ">
    <subfield code="2">doi</subfield>
    <subfield code="a">10.3390/soc15110310</subfield>
  </datafield>
  <datafield tag="024" ind1="8" ind2=" ">
    <subfield code="2">sideral</subfield>
    <subfield code="a">146380</subfield>
  </datafield>
  <datafield tag="037" ind1=" " ind2=" ">
    <subfield code="a">ART-2025-146380</subfield>
  </datafield>
  <datafield tag="041" ind1=" " ind2=" ">
    <subfield code="a">eng</subfield>
  </datafield>
  <datafield tag="100" ind1=" " ind2=" ">
    <subfield code="a">Emeric-Méaulle, Daniel</subfield>
  </datafield>
  <datafield tag="245" ind1=" " ind2=" ">
    <subfield code="a">From Punishment to Purpose: Occupational Therapy and Ethical Challenges in the Spanish Prison System</subfield>
  </datafield>
  <datafield tag="260" ind1=" " ind2=" ">
    <subfield code="c">2025</subfield>
  </datafield>
  <datafield tag="520" ind1="3" ind2=" ">
    <subfield code="a">Occupational therapy (OT) advocates for rehabilitation and social reintegration within prison systems, yet its integration must consider the ethical and institutional constraints of incarceration. This paper critically examines the Spanish penitentiary system to explore the tensions between the punitive logic of imprisonment and the rehabilitative values of OT. The aim is to assess whether the current institutional structure enables socio-health professionals—particularly occupational therapists—to act coherently with their humanistic and ethical principles. A detailed documentary review was conducted using the Triangular Method of Ontologically Grounded Personalism (Sgreccia), which integrates biological/situational, anthropological, and ethical dimensions. Legislative documents, institutional reports, and academic literature were systematically analyzed to identify ethical challenges affecting professional practice within Spanish prisons. Findings reveal a paradoxical reality: Spain maintains one of the lowest crime rates in the EU yet exhibits a high incarceration rate, reflecting a punitive penal culture. The prison population, mostly adult males convicted of property and public health offenses, experiences significant occupational deprivation, mental illness, and social vulnerability. Ethical dilemmas include dual loyalty, loss of autonomy, and institutional priorities that undermine person-centered rehabilitation. The study underscores profound ethical tensions limiting OT practice in prisons. Addressing these challenges requires institutional and professional transformation toward more participatory and dignity-centered correctional models. Future research should incorporate empirical and qualitative approaches to design ethical frameworks that promote occupational justice and sustainable reintegration.</subfield>
  </datafield>
  <datafield tag="506" ind1="0" ind2=" ">
    <subfield code="a">Access copy available to the general public</subfield>
    <subfield code="f">Unrestricted</subfield>
  </datafield>
  <datafield tag="540" ind1=" " ind2=" ">
    <subfield code="9">info:eu-repo/semantics/openAccess</subfield>
    <subfield code="a">by</subfield>
    <subfield code="u">https://creativecommons.org/licenses/by/4.0/deed.es</subfield>
  </datafield>
  <datafield tag="655" ind1=" " ind2="4">
    <subfield code="a">info:eu-repo/semantics/article</subfield>
    <subfield code="v">info:eu-repo/semantics/publishedVersion</subfield>
  </datafield>
  <datafield tag="700" ind1=" " ind2=" ">
    <subfield code="a">Cantero-Garlito, Pablo A.</subfield>
  </datafield>
  <datafield tag="700" ind1=" " ind2=" ">
    <subfield code="a">Laborda-Soriano, Ana A.</subfield>
  </datafield>
  <datafield tag="773" ind1=" " ind2=" ">
    <subfield code="g">15, 11 (2025), 310 [12 pp.]</subfield>
    <subfield code="p">Societies (Basel)</subfield>
    <subfield code="t">Societies (Basel)</subfield>
    <subfield code="x">2075-4698</subfield>
  </datafield>
  <datafield tag="856" ind1="4" ind2=" ">
    <subfield code="s">244439</subfield>
    <subfield code="u">http://zaguan.unizar.es/record/164201/files/texto_completo.pdf</subfield>
    <subfield code="y">Versión publicada</subfield>
  </datafield>
  <datafield tag="856" ind1="4" ind2=" ">
    <subfield code="s">2540815</subfield>
    <subfield code="u">http://zaguan.unizar.es/record/164201/files/texto_completo.jpg?subformat=icon</subfield>
    <subfield code="x">icon</subfield>
    <subfield code="y">Versión publicada</subfield>
  </datafield>
  <datafield tag="909" ind1="C" ind2="O">
    <subfield code="o">oai:zaguan.unizar.es:164201</subfield>
    <subfield code="p">articulos</subfield>
    <subfield code="p">driver</subfield>
  </datafield>
  <datafield tag="951" ind1=" " ind2=" ">
    <subfield code="a">2025-11-27-15:16:59</subfield>
  </datafield>
  <datafield tag="980" ind1=" " ind2=" ">
    <subfield code="a">ARTICLE</subfield>
  </datafield>
</record>
</collection>